Nations with Premier League goalscorers (10 goals minimum) - Statistics

General Stats
  • This quiz has been taken 32 times
  • The average score is 44 of 79
Answer Stats
Number of Players Answer % Correct
338 England
100%
51 France
100%
33 Ireland
100%
33 Scotland
100%
32 Brazil
97%
3 Egypt
94%
29 Spain
94%
15 Argentina
90%
9 Northern Ireland
90%
4 United States of America
90%
19 Germany
87%
13 Italy
87%
10 Portugal
84%
22 Netherlands
81%
18 Norway
81%
15 Senegal
81%
26 Wales
81%
2 Mexico
77%
5 Australia
74%
17 Belgium
74%
2 Japan
74%
3 Morocco
74%
4 Russia
74%
3 South Korea
74%
9 Sweden
74%
3 Uruguay
74%
4 Finland
71%
2 Canada
68%
12 Denmark
68%
2 Slovakia
68%
4 Turkey
68%
2 Ukraine
68%
7 Croatia
65%
2 Hungary
65%
1 Chile
61%
5 Colombia
61%
6 Czechia
61%
2 Greece
61%
5 Iceland
61%
1 New Zealand
61%
7 Serbia
61%
11 Ivory Coast
58%
17 Nigeria
58%
2 Paraguay
58%
1 Poland
58%
3 Switzerland
58%
5 Cameroon
55%
7 Ghana
55%
1 Romania
55%
2 Algeria
52%
3 Austria
52%
1 Bosnia & Herzegovina
52%
3 South Africa
52%
1 Peru
48%
2 Bulgaria
45%
1 Venezuela
45%
14 Jamaica
42%
2 Ecuador
35%
1 Latvia
32%
3 Israel
29%
2 Mali
29%
1 Togo
29%
5 DR Congo
26%
1 Gabon
26%
1 Kenya
26%
1 Armenia
23%
3 Trinidad & Tobago
23%
1 Congo
19%
1 Costa Rica
19%
1 Zambia
19%
1 Benin
16%
2 Zimbabwe
16%
2 Burkina Faso
10%
1 Grenada
10%
1 Bermuda
3%
1 Montserrat
3%
1 Barbados
0%
1 Guinea-Bissau
0%
1 Guyana
0%
No matching quizzes found
Score Distribution
Percent of People with Each Score
Percentile by Number Answered
Your Score History
You have not taken this quiz